Borneo people : (Record no. 23237)
[ view plain ]
| 000 -LEADER | |
|---|---|
| fixed length control field | 00725nam a22002411 4500 |
| 001 - CONTROL NUMBER | |
| control field | 23237 |
| 003 - CONTROL NUMBER IDENTIFIER | |
| rucl marc code | BD-RjUL |
| 005 - DATE AND TIME OF LATEST TRANSACTION | |
| control field | 20211209000916.0 |
| 008 - FIXED-LENGTH DATA ELEMENTS--GENERAL INFORMATION | |
| fixed length control field | 140310r19571956enka 000 0 eng |
| 035 ## - SYSTEM CONTROL NUMBER | |
| System control number | (BD-RjUL)23302 |
| System control number | (OCoLC)3621710 |
| 040 ## - CATALOGING SOURCE | |
| Original cataloging agency | DLC |
| Transcribing agency | PU |
| Modifying agency | BD-RjUL |
| -- | DLC |
| Language of cataloging | eng |
| 041 ## - LANGUAGE CODE | |
| Language code of text/sound track or separate title | eng |
| 082 ## - DEWEY DECIMAL CLASSIFICATION NUMBER | |
| Classification number | 572.99115 |
| Author mark and year | MAB 1957 |
| 100 1# - MAIN ENTRY--PERSONAL NAME | |
| Personal name | MacDonald, Malcolm |
| Dates associated with a name | 1901-1981. |
| 9 (RLIN) | 71624 |
| 245 10 - TITLE STATEMENT | |
| Title | Borneo people : |
| Statement of responsibility, etc. | Illustrated with 44 photos. and a drawing by the author / |
| Remainder of title | Malcolm MacDonald. |
| 260 ## - PUBLICATION, DISTRIBUTION, ETC. (IMPRINT) | |
| Place of publication, distribution, etc. | London : |
| Name of publisher, distributor, etc. | Cape, |
| Date of publication, distribution, etc. | c1956 [reprint 1957]. |
| 300 ## - PHYSICAL DESCRIPTION | |
| Pagination | 376 p. : |
| Illustrations | ill. , |
| Size | 24 cm. |
| 650 #0 - SUBJECT ADDED ENTRY--TOPICAL TERM | |
| Topical term or geographic name as entry element | Ethnology |
| Geographic subdivision | Sarawak. |
| 9 (RLIN) | 71625 |
| 942 ## - ADDED ENTRY ELEMENTS (KOHA) | |
| Source of classification or shelving scheme | Dewey Decimal Classification |
| Koha item type | Books |
| Lost status | Source of classification or shelving scheme | Damaged status | Not for loan | Collection code | Permanent Location | Current Location | Shelving location | Date acquired | Source of acquisition | Cost, normal purchase price | Total Checkouts | Full call number | Date last seen | Copy number | Koha item type |
|---|---|---|---|---|---|---|---|---|---|---|---|---|---|---|---|
| Dewey Decimal Classification | Added to bundle | Non-fiction | Central Library, University of Rajshahi | Central Library, University of Rajshahi | Reading Room | 14/01/1958 | Blackwell | 12.60 | 572.99115 MAB 1957 | 10/03/2014 | C-1 | Books |